2-Word TV Shows Quiz Stats

Quiz Updated Dec 7, 2015

Also try: TV In Other Words
Challenge
Share
Tweet
Score 0/20 Timer 06:00
3 Plays Today
Hint Answer % Correct
Judge Judy
97.2%
SpongeBob SquarePants
96.4%
South Park
96.2%
Sesame Street
96.1%
Family Guy
95.9%
Grey's Anatomy
85.4%
Breaking Bad
84.1%
Modern Family
83.8%
Happy Days
81.6%
Gilligan's Island
81.3%
Hint Answer % Correct
Full House
81%
Doctor Who
77.9%
Downton Abbey
77.5%
Prison Break
74.3%
Gilmore Girls
70.8%
Family Matters
66.5%
Arrested Development
63.6%
Veronica Mars
61.8%
NYPD Blue
50.9%
True Blood
46.6%

You're not logged in!

Compare scores with friends on all Sporcle quizzes.
Join for Free
OR
Log In

You Might Also Like...

Show Comments

Extras

Top Quizzes Today


Score Distribution

Your Account Isn't Verified!

In order to create a playlist on Sporcle, you need to verify the email address you used during registration. Go to your Sporcle Settings to finish the process.

Report this User

Report this user for behavior that violates our Community Guidelines.

Details: